The theory of value and distribution in economics discussions between Pierangelo Garegnani and Paul Samuelson /

Bibliographic Details
Corporate Author: ProQuest (Firm)
Other Authors: Kurz, Heinz-Dieter.
Format: Electronic eBook
Language:English
Published: New York : Routledge, 2013.
Series:Routledge studies in the history of economics ; 148
Subjects:
Online Access:Click to View
LEADER 01548nam a2200409 a 4500
001 EBC1016217
003 MiAaPQ
005 20200520144314.0
006 m o d |
007 cr cn|||||||||
008 120216s2013 nyua sb 001 0deng d
010 |z  2012005172 
020 |z 9780415519595 
020 |a 9780203103487 (electronic bk.) 
035 |a (MiAaPQ)EBC1016217 
035 |a (Au-PeEL)EBL1016217 
035 |a (CaPaEBR)ebr10596268 
035 |a (CaONFJC)MIL389951 
035 |a (OCoLC)810082505 
040 |a MiAaPQ  |c MiAaPQ  |d MiAaPQ 
050 4 |a HB201  |b .T45 2013 
082 0 4 |a 338.5/21  |2 23 
245 0 4 |a The theory of value and distribution in economics  |h [electronic resource] :  |b discussions between Pierangelo Garegnani and Paul Samuelson /  |c edited by Heinz D. Kurz. 
260 |a New York :  |b Routledge,  |c 2013. 
300 |a 144 p. :  |b ill. 
440 0 |a Routledge studies in the history of economics ;  |v 148 
504 |a Includes bibliographical references and index. 
533 |a Electronic reproduction. Ann Arbor, MI : ProQuest, 2015. Available via World Wide Web. Access may be limited to ProQuest affiliated libraries. 
600 1 0 |a Garegnani, Pierangelo. 
600 1 0 |a Samuelson, Paul A.  |q (Paul Anthony),  |d 1915-2009. 
650 0 |a Value. 
650 0 |a Distribution (Economic theory) 
650 0 |a Economics. 
655 4 |a Electronic books. 
700 1 |a Kurz, Heinz-Dieter. 
710 2 |a ProQuest (Firm) 
856 4 0 |u https://ebookcentral.proquest.com/lib/matrademy/detail.action?docID=1016217  |z Click to View